| 000 | 00419nam a22001697a 4500 | ||
|---|---|---|---|
| 003 | SGT | ||
| 020 | _a9781071648155 | ||
| 082 |
_a616.0757 _bP25S |
||
| 100 | _aSAHA, GOPAL B. | ||
| 245 | _aPHYSICS AND RADIOBIOLOGY OF NUCLEAR MEDICINE | ||
| 250 | _a5TH | ||
| 260 |
_aUSA _bSPRINGER PUB _c2025 |
||
| 300 | _a418 | ||
| 650 | _aRADIOLOGY | ||
| 653 | _aPHYSICS AND RADIOBIOLOGY OF NUCLEAR MEDICINE | ||
| 942 |
_2ddc _cBK |
||
| 999 |
_c34330 _d34330 |
||